000 00495nam a22001577a 4500
005 20251108172218.0
008 250721s1968 xx 000 0 ara d
082 1 4 _a262.9/تنا
100 1 _aتناغو، سمير عبد السيد
245 1 0 _aأحكام الأسرة للمصريين غير المسلمين /
264 1 _aالإسكندرية :
_bمنشأة المعارف،
_c1968.
300 _a365ص.
650 1 7 _aالقانون الكنسي
942 _2ddc
_cBK
999 _c73280
_d73280